Developing and implementing a campus-wide professional development program: (Record no. 20431)
[ view plain ]
| 000 -LEADER | |
|---|---|
| fixed length control field | 01015nam a22002297a 4500 |
| 003 - CONTROL NUMBER IDENTIFIER | |
| control field | OSt |
| 005 - DATE AND TIME OF LATEST TRANSACTION | |
| control field | 20240814141115.0 |
| 008 - FIXED-LENGTH DATA ELEMENTS--GENERAL INFORMATION | |
| fixed length control field | 240814b ||||| |||| 00| 0 eng d |
| 040 ## - CATALOGING SOURCE | |
| Transcribing agency | 0 |
| 082 ## - DEWEY DECIMAL CLASSIFICATION NUMBER | |
| Classification number | DPer 507 J826 September 2019 - June 2020 v.49 n. 1-5 |
| 100 ## - MAIN ENTRY--PERSONAL NAME | |
| Personal name | Callens, Melissa Vosen. |
| Relator term | author. |
| 9 (RLIN) | 57674 |
| 245 ## - TITLE STATEMENT | |
| Title | Developing and implementing a campus-wide professional development program: |
| Remainder of title | successes and challenges / |
| Statement of responsibility, etc. | Melissa Vosen Callens, Paul Kelter, Jill Motschenbacher, James Nyachwaya, Jared L. Ladbury, and Anna M. Semanko |
| 260 ## - PUBLICATION, DISTRIBUTION, ETC. (IMPRINT) | |
| Place of publication, distribution, etc. | Arlington USA; |
| Name of publisher, distributor, etc. | National Science Teaching Association, |
| Date of publication, distribution, etc. | November/December 2019. |
| 300 ## - PHYSICAL DESCRIPTION | |
| Extent | volume 49, pages 68-75, |
| Other physical details | illustration. |
| 700 ## - ADDED ENTRY--PERSONAL NAME | |
| Personal name | Callens, Melissa Vosen. |
| Relator term | author. |
| 9 (RLIN) | 57674 |
| 700 ## - ADDED ENTRY--PERSONAL NAME | |
| Personal name | Kelter, Paul. |
| Relator term | author. |
| 9 (RLIN) | 57675 |
| 700 ## - ADDED ENTRY--PERSONAL NAME | |
| Personal name | Motschenbacher, Jill. |
| Relator term | author. |
| 9 (RLIN) | 57676 |
| 700 ## - ADDED ENTRY--PERSONAL NAME | |
| Personal name | Nyachwaya, James. |
| Relator term | author. |
| 9 (RLIN) | 57677 |
| 700 ## - ADDED ENTRY--PERSONAL NAME | |
| Personal name | Ladbury, Jared L. |
| Relator term | author. |
| 9 (RLIN) | 57678 |
| 700 ## - ADDED ENTRY--PERSONAL NAME | |
| Personal name | Semanko, Anna M. |
| Relator term | author. |
| 9 (RLIN) | 57679 |
| 942 ## - ADDED ENTRY ELEMENTS (KOHA) | |
| Source of classification or shelving scheme | Dewey Decimal Classification |
| Koha item type | Periodicals |
| Withdrawn status | Lost status | Source of classification or shelving scheme | Damaged status | Not for loan | Collection code | Home library | Current library | Date acquired | Total Checkouts | Full call number | Date last seen | Price effective from | Koha item type | Public note |
|---|---|---|---|---|---|---|---|---|---|---|---|---|---|---|
| Dewey Decimal Classification | Periodicals | UM Digos College - LIC | UM Digos College - LIC | 08/14/2024 | DPer 507 J826 September 2019 - June 2020 v.49 n. 1-5 | 08/14/2024 | 08/14/2024 | Periodicals | Periodical Article |
